5000m Olympic Champions - Statistics

General Stats
  • This quiz has been taken 5 times
  • The average score is 6 of 26
Answer Stats
Hint Answer % Correct
2024 Jakob Ingebrigtsen
80%
2016 Mo Farah
80%
2012 Mo Farah
80%
1952 Emil Zátopek
60%
2004 Hicham El Gouerrouj
60%
2020 Joshua Cheptegei
60%
2008 Kenenisa Bekele
60%
1976 Lasse Virén
40%
1972 Lasse Virén
40%
1964 Bob Schul
0%
1992 Dieter Baumann
0%
1948 Gaston Reiff
0%
1936 Gunnar Höckert
0%
1912 Hannes Kolehmainen
0%
1988 John Nugugi
0%
1920 Joseph Guillemot
0%
1932 Lauri Lehtinen
0%
2000 Million Wolde
0%
1980 Miruts Yifter
0%
1968 Mohammed Gammoudi
0%
1960 Murray Halberg
0%
1924 Paavo Nurmi
0%
1984 Saïd Aouita
0%
1996 Vénuste Niyongabo
0%
1928 Ville Ritola
0%
1956 Vladimir Kuts
0%
No matching quizzes found
Score Distribution
Percent of People with Each Score
Percentile by Number Answered
Your Score History
You have not taken this quiz